000 00554nam a2200121Ia 4500
008 220616s9999||||xx |||||||||||||| ||und||
245 4 _aThe Holocaust in Three Generations
_bFamilies of Victims and Perpetrators of the Nazi Regime
546 _aEnglish[eng]
650 _abiographical research||family dialogue||transgenerational transmission
700 _aRosenthal, Gabriele
856 _uhttps://library.oapen.org/bitstream/20.500.12657/53286/1/9783866497405.pdf||https://library.oapen.org/bitstream/20.500.12657/53286/1/9783866497405.pdf
942 _cEB
999 _c21105
_d21105